中华民国省级行政区(1949年)- 地图版 - Statistics

General Stats
  • This quiz has been taken 429 times
  • The average score is 41 of 49
Answers on the Map
Answers color-coded by a green-red scale on the quiz's map according to % correct below.
 
Answer Stats
类型 省级行政区 % Correct
甘肃省
96%
青海省
96%
新疆省
96%
地方 西藏地方
96%
四川省
95%
台湾省
95%
广东省
95%
河北省
95%
山东省
95%
河南省
95%
陕西省
95%
江苏省
94%
浙江省
94%
安徽省
94%
江西省
94%
湖北省
94%
湖南省
94%
福建省
94%
广西省
94%
云南省
94%
山西省
94%
贵州省
93%
黑龙江省
92%
辽宁省
91%
吉林省
91%
热河省
89%
特别行政区 海南特别行政区
88%
察哈尔省
86%
院辖市 南京市
84%
西康省
83%
院辖市 上海市
83%
院辖市 天津市
82%
院辖市 北平市
80%
院辖市 重庆市
80%
院辖市 大连市
80%
院辖市 广州市
80%
院辖市 西安市
80%
院辖市 沈阳市
80%
院辖市 青岛市
78%
宁夏省
76%
院辖市 哈尔滨市
75%
绥远省
71%
院辖市 汉口市
70%
松江省
61%
嫩江省
52%
兴安省
40%
安东省
37%
合江省
35%
辽北省
33%
No matching quizzes found
Score Distribution
Percent of People with Each Score
Percentile by Number Answered
Your Score History
You have not taken this quiz